John Newman Charting Songs (Billboard Hot Dance) - Statistics

General Stats
  • This quiz has been taken 10 times
    7 since last reset
  • The average score is 3 of 5
Answer Stats
Album Weeks On Peak Artist(s) Song % Correct
Motion 35 Weeks #1 Calvin Harris ft. John Newman Blame
100%
Home 5 Weeks #31 Rudimental ft. John Newman Feel the Love
60%
Brighter Days 4 Weeks #44 Sigala ft. John Newman & Nile Rodgers Give Me Your Love
60%
Non-Album Single 19 Weeks #19 David Guetta x MistaJam x John Newman If You Really Love Me (How Will I Know)
60%
Kids in Love 8 Weeks #19 Kygo ft. John Newman Never Let You Go
40%
No matching quizzes found
Score Distribution
Percent of People with Each Score
Percentile by Number Answered
Your Score History
You have not taken this quiz since the last reset